000 00289nam a22001337a 4500
008 170525b xxu||||| |||| 00| 0 eng d
020 _a9781898563327
041 _aeng
080 _a621.38
100 _a26
101 _aIM
245 _aMICROELECTRONIC
_cBONIFACE.D.M
942 _2udc
_cBK
999 _c14229
_d14229